Une consonne suffit pour répondre juste (attention 5 consonnes tuent) - Statistiques

Statistiques générales
  • Ce quiz a été pris 41 fois
  • Le résultat moyen est 3 sur 5
Statistiques - réponses
Hint Réponse % Correct
Donne la seule consonne qui désigne ce personnage
Q
97%
Donne une des 2 consonnes dans le mot de 4 lettres qui complète la chanson pour l'Auvergnat de Georges Brassens : Toi, l'hôtesse quand tu mourras Quand le croc-mort t'emportera Qu'il te conduise à travers ---- CieL
82%
Donne une des 3 consonnes qui désigne ce tristement célèbre psychopathe
BTK
67%
Donne une des 4 consonnes qui se trouve dans le nom en 6 lettres de la franchise de NFL (Football Americain) qui a ce logo
RaVeNS
42%
Donne une des 5 consonnes qui se trouve dans le nom en 8 lettres de ce champignon basidiomycète en image (Le - - - - - - - - glutineux)
GoMPHiDe
27%
Aucun quiz correspondant
Distribution des résultats
% des personnes avec chaque résultat
Percentile par nombre de réponses
Votre historique - résultats
Vous n’avez pas pris ce quiz